000 01004nam a2200217Ia 4500
001 6232
003 GE_BSU
008 181216s||||||||xx |||||||||||||| ||und||
040 _cGE_BSU
080 _a664(076.1)
100 _aზალდასტანიშვილი,ნ. ჟვანია,გ.
245 _aლაბორატორიული სამუშაოები კვების მრეწველობის საწარმოო პროცესების ავტომატიზაციაში.
245 _cრედ.ე.კირვალიძე.
260 _aთბილისი
260 _bსპი
260 _c1973
300 _a106გვ; 20სმ.
300 _eნახაზ.
653 _aლაბორატორიული სამუშაოები კვების მრეწველობის საწარმოო პროცესების ავტომატიზაციაში.
942 _cBK
999 _c39632
_d39632